| 000 | 00440nam a2200169 a 4500 | ||
|---|---|---|---|
| 001 | 8412 | ||
| 005 | 20180713192337.0 | ||
| 008 | 140415s1978 mx 000 0 spa d | ||
| 041 | _aspa | ||
| 082 |
_a551.6 _bGAR |
||
| 100 | 1 | _aGARCIA DE MIRANDA, ENRIQUETA | |
| 245 | 1 | 0 | _aAPUNTES DE CLIMATOLOGIA. |
| 250 | _a2A ED. | ||
| 260 |
_aMEXICO : _bLARIOS E HIJOS IMPRESORES, _c1978. |
||
| 300 | _a153. | ||
| 650 | 1 | 4 | _aCLIMATOLOGIA |
| 999 |
_c8412 _d8412 |
||